000 00653nam a2200229 a 4500
001 BRCA_2604
005 20190320203903.0
008 281108s1911----enka---###---#000-0#eng-#
050 4 _aNE2135
_b.W43 1911
100 1 _aWedmore, Frederick
_d1844-1921
_97430
245 1 0 _aEtchings
_cby Frederick Wedmore.
260 _aLondon
_bMethuen
_c1911
300 _a237 p.
_bil.
_c20 cm.
440 0 _aThe connoisserur´s library
_97431
500 _aIncluye índice analítico y de ilustraciones
500 _aA70
504 _aBibliografía: p. 231-232
650 1 4 _aAguafuertistas
_97432
650 1 4 _aAguafuertes
_97433
902 _aGFM
942 _2lcc
_cB
999 _c2344
_d2344